|
|
|
|
| LEADER |
00000nam0a2200000 4500 |
| 001 |
358762 |
| 005 |
20231102011127.0 |
| 035 |
|
|
|a (RuTPU)RU\TPU\retro\16033
|
| 090 |
|
|
|a 358762
|
| 100 |
|
|
|a 20200826d1977 m y0rusy50 ca
|
| 101 |
0 |
|
|a rus
|
| 102 |
|
|
|a UA
|
| 105 |
|
|
|a a j 001zy
|
| 200 |
1 |
|
|a Автоматизация и механизация процессов разведочного бурения
|e учебное пособие
|f Н. А. Дудля
|g Днепропетровский горный институт
|
| 210 |
|
|
|a Днепропетровск
|c [Б. и.]
|d 1977
|
| 215 |
|
|
|a 115 с.
|c ил.
|
| 320 |
|
|
|a Библиогр.: с. 112
|
| 606 |
1 |
|
|a Бурение разведочное
|x Автоматизация и механизация
|2 stltpush
|3 (RuTPU)RU\TPU\subj\30363
|9 53481
|
| 610 |
1 |
|
|a измерения
|
| 610 |
1 |
|
|a КИП
|
| 610 |
1 |
|
|a контрольно-измерительные приборы
|
| 610 |
1 |
|
|a промывочные жидкости
|
| 610 |
1 |
|
|a давление
|
| 610 |
1 |
|
|a количество
|
| 610 |
1 |
|
|a расход
|
| 610 |
1 |
|
|a буровые процессы
|
| 610 |
1 |
|
|a параметры
|
| 610 |
1 |
|
|a контроль
|
| 610 |
1 |
|
|a крутящий момент
|
| 610 |
1 |
|
|a буровые инструменты
|
| 610 |
1 |
|
|a режимы бурения
|
| 610 |
1 |
|
|a забойные параметры
|
| 610 |
1 |
|
|a скважины
|
| 610 |
1 |
|
|a температура
|
| 610 |
1 |
|
|a вспомогательные операции
|
| 610 |
1 |
|
|a учебные пособия
|
| 675 |
|
|
|a 550.822.7.02(075.8)
|v 4
|
| 700 |
|
1 |
|a Дудля
|b Н. А.
|g Николай Андреевич
|
| 712 |
0 |
2 |
|a Днепропетровский горный институт
|c (1923-1993)
|2 stltpush
|3 (RuTPU)RU\TPU\col\13485
|9 25689
|
| 801 |
|
1 |
|a RU
|b 63413507
|c 20200826
|
| 801 |
|
2 |
|a RU
|b 63413507
|c 20210211
|g RCR
|
| 942 |
|
|
|c BK
|